Datos, pruebas e ideas (Registro nro. 317153)

Detalles MARC
000 -ENCABEZADO
Número de control [NR] 00974nam a2200241 c 4500
005 - FECHA Y HORA DE LA ÚLTIMA TRANSACCIÓN
control field 20200305143041.0
008 - DE LONGITUD FIJA DE DATOS DE ELEMENTOS - INFORMACIÓN GENERAL
Elementos de longitud fija [NR] 200305s2018 ag |||fr|||| 00| 0 spa d
020 ## - NUMERO INTERNACIONAL NORMALIZADO PARA LIBROS [R]
Número Internacional Normalizado del libro [NR] 9789876298513
040 ## - FUENTE DE CATALOGACION [NR]
Agencia de catalogación original [NR] CO-BoUCM
Idioma de catalogación [NR] spa
Quien Cataloga Deissy Garcia
Quien Clasifica Deissy Garcia
041 1# - CODIGO DE IDIOMA [R]
Código de idioma para texto/pista de sonido o título separado [R] Español
Language code of original and/or intermediate translations of text eng
100 1# - ASIENTO PRINCIPAL--NOMBRE PERSONAL [NR]
Nombre personal [NR] Becker, Howard
ID Autoridad 100184
245 ## - MENCION DE TITULO [NR]
Título [NR] Datos, pruebas e ideas
Parte restante del título [NR] por qué los científicos sociales deberían tomárselos más en serio y aprender de sus errores
Mención de responsabilidad, etc. [NR] Howard Becker ; traducción de Horacio Pons
260 ## - PUBLICACION, DISTRIBUCION, ETC. (PIE DE IMPRENTA) [R]
Nombre del editor, distribuidor, etc. [R] Siglo XXI
Fecha de publicación, distribución, etc. [R] 2018
Lugar de publicación, distribución, etc. [R] Buenos Aires
300 ## - DESCRIPCION FISICA [R]
Extensión [R] 286 páginas
490 0# - MENCION DE SERIE [R]
Mención de serie [R] Sociología y política
504 ## - NOTA DE BIBLIOGRAFIA, ETC. [R]
Nota de bibliografía, etc. [NR] Incluye referencias bibliográficas
650 17 - ASIENTO SECUNDARIO DE MATERIA - TERMINO TEMATICO [R]
9 (RLIN) 72770
Término temático o nombre geográfico como elemento de entrada [NR] Ciencias sociales
Subdivisión general [R] Investigación
-- Metodología
650 17 - ASIENTO SECUNDARIO DE MATERIA - TERMINO TEMATICO [R]
9 (RLIN) 10832
Término temático o nombre geográfico como elemento de entrada [NR] Científicos sociales
650 17 - ASIENTO SECUNDARIO DE MATERIA - TERMINO TEMATICO [R]
9 (RLIN) 34558
Término temático o nombre geográfico como elemento de entrada [NR] Investigación científica
Subdivisión general [R] Metodología
700 ## - ASIENTO SECUNDARIO - NOMBRE PERSONAL [R]
9 (RLIN) 61888
Nombre personal [NR] Pons, Horacio
Término de relación [R] traductor
942 ## - ELEMENTOS DE ENTRADA AGREGADOS (KOHA)
Tipo de ítem principal el descrito en 300a Libro
Sistema de clasificación DEWEY
Tema principal Sociología
Edición 20
Clasificación 300.72
Parte restante de la signatura top. B395d
Existencias
Fecha de último préstamo Total préstamos Total Renewals Signatura topográfica Código de barras Última vez visto Ejemplar Costo de reposición Price effective from Tipo de ítem Perdido Sistema de clasificación Dañado No prestable Tipo de ítem específico Suprimido Ubicación habitual Ubicación actual Localización Fecha de creación Proveedor Forma de adquisición Costo
14/05/2024 4 2 300.72 B395d 100166052 09/12/2025 Ej.1 52900.00 04/03/2020 Libro   DEWEY     Libro   Claustro Claustro 2do piso 04/03/2020 37 Compra 52900.00